Library Banner

التربیۃ الاسلامیہ/ (Record no. 92922)

MARC details
000 -LEADER
fixed length control field 00493nam a22001577a 4500
005 - DATE AND TIME OF LATEST TRANSACTION
control field 20170427094101.0
008 - FIXED-LENGTH DATA ELEMENTS--GENERAL INFORMATION
fixed length control field 170427b xxu||||| |||| 00| 0 eng d
040 ## - CATALOGING SOURCE
Transcribing agency PK-LaUMT
082 ## - DEWEY DECIMAL CLASSIFICATION NUMBER
Classification number ZIAC 297.0705
Item number ABD-A
100 ## - MAIN ENTRY--PERSONAL NAME
Personal name عبدالرحمن عبدالرحمن النقیب
245 ## - TITLE STATEMENT
Title التربیۃ الاسلامیہ/
Statement of responsibility, etc عبدالرحمن عبدالرحمن النقیب
260 ## - PUBLICATION, DISTRIBUTION, ETC. (IMPRINT)
Place of publication, distribution, etc القاھرہ:
Name of publisher, distributor, etc دارالفکر،
Date of publication, distribution, etc [ ]
300 ## - PHYSICAL DESCRIPTION
Extent 271 ص
546 ## - LANGUAGE NOTE
Language note عربی
942 ## - ADDED ENTRY ELEMENTS (KOHA)
Koha item type Books
Holdings
Withdrawn status Lost status Damaged status Home library Current library Date acquired Full call number Barcode Date last seen Price effective from Koha item type
      UMT Main Campus UMT Main Campus 2017-04-27 ZIAC 297.0705 ABD-A 108141 2017-04-27 2017-04-27 Books